000
00250nam a2200097Ia 4500
008
220204s9999 xx 000 0 und d
082
_a
NR:0161974/80
_b
ACS
245
0
_a
Rubber to metal bonding: Bibliography 1974-80
260
_a
Ohio
_b
ACS
942
_c
BK
999
_c
39449
_d
39449